Statistics for Mal's General Knowledge 27

Click here to take the quiz!

General Stats

  • This quiz has been taken 99 times
  • The average score is 10 of 20

Answer Stats

Hint Answer % Correct
8) In September of what year did Germany invade Poland?1939
89%
20) What did Adolphe Sax invent?Saxophone
86%
6) Which City in the UK has the 2nd greatest Population after London?Manchester
85%
19) What is the Capital City of Peru?Lima
82%
18) What is the only US State beginning with 'G'?Georgia
79%
9) In which Country is the 'Kruger National Park?South Africa
75%
1) Which Country's longest River is named 'Shinano'?Japan
71%
17) What is the 'Harry Potter' game played between two teams of seven players riding flying broomsticks?Quidditch
69%
4) The most 'Easterly' point of the USA mainland is in which State?Maine
68%
12) What was the main instrument of Duke Ellington, jazz composer and performer?Piano
52%
14) On which Island was Rafael Nadal born?Mallorca
47%
15) In which year did 'Wikipaedia' begin?2001
47%
13) Which 'Star' (Sun excepted) appears brightest to the human eye?Sirius
32%
5) Which Russian Scientist invented the 'Periodic Table of Chemical Elements'?Dmitri Mendeleev
31%
2) Which was the first Country in the World to adopt Christianity as a State Relgion in 301 AD?Armenia
20%
7) The Scientific names for the 3 tiny bones in the Ear are Malleus, Incus and what other?Stapes
14%
11) The unique 'Freedom (Azadi) Tower' can be found in which Capital City?Tehran
9%
16) Where are New York's Subway cars made?Brazil
5%
10) Bangui, the Capital of the Central African Republic (CAR) lies on what River?Ubangi
4%
3) As of April 2017 who is the Swimming World Record Holder for the Men's 100m Freestyle at 46.91s?César Cielo / Brazil
1%

Score Distribution

Percentile by Number Answered

Percent of People with Each Score

Your Score History

You have not taken this quiz